| 000 | 04244cam a22013454i 4500 | ||
|---|---|---|---|
| 003 | PE-LiUPU | ||
| 005 | 20250813185610.0 | ||
| 008 | 150706s r 000 0 d | ||
| 020 | _a9789972388972 | ||
| 035 | _a(Sirsi) i9789972388972 | ||
| 035 | _a(Sirsi) i9789972388972 | ||
| 040 |
_aPE-LiUPU _bspa _cPE-LiUPU _erda |
||
| 049 | _aPRUA | ||
| 082 | 0 | 4 |
_a378.055985 _bP3 _221 |
| 082 | 0 | 4 |
_a378.07 _bM26 2009 _221 |
| 245 | 0 | 1 |
_aPedagogía de la investigación científica : _btesis de postgrado 1972-2007 / _c[compilación], Roberto Marroquín Peña, José Campos Dávila. |
| 250 | _a2a ed. | ||
| 264 | 1 |
_aLima : _bSan Marcos, _c2009. |
|
| 300 |
_a523 páginas ; _c24 cm. |
||
| 336 |
_atext _2rdacontent |
||
| 337 |
_aunmediated _2rdamedia |
||
| 338 |
_avolume _2rdacarrier |
||
| 505 | 0 | _aTesis de doctorado (1972-2007) -- Tesis de maestría (1985-2007). | |
| 526 | _aP202 | ||
| 526 | _aP201 | ||
| 526 | _aP163 | ||
| 526 | _aP162 | ||
| 526 | _aP161 | ||
| 526 | _aP160 | ||
| 526 | _aP148 | ||
| 526 | _aP147 | ||
| 526 | _aP146 | ||
| 526 | _aP145 | ||
| 526 | _aP144 | ||
| 526 | _aP143 | ||
| 526 | _aP142 | ||
| 526 | _aP141 | ||
| 526 | _aP140 | ||
| 526 | _aP139 | ||
| 526 | _aP138 | ||
| 526 | _aP137 | ||
| 526 | _aP136 | ||
| 526 | _aP135 | ||
| 526 | _aP134 | ||
| 526 | _aP133 | ||
| 526 | _aP129 | ||
| 526 | _aP128 | ||
| 526 | _aP127 | ||
| 526 | _aP120 | ||
| 526 | _aP119 | ||
| 526 | _aP118 | ||
| 526 | _aP116 | ||
| 526 | _aP115 | ||
| 526 | _aP114 | ||
| 526 | _aP110 | ||
| 526 | _aP109 | ||
| 526 | _aP108 | ||
| 526 | _aP104 | ||
| 526 | _aP103 | ||
| 526 | _aP102 | ||
| 526 | _aP99 | ||
| 526 | _aP98 | ||
| 526 | _aP97 | ||
| 526 | _aP96 | ||
| 526 | _aP95 | ||
| 526 | _aP93 | ||
| 526 | _aP90 | ||
| 526 | _aP89 | ||
| 526 | _aP88 | ||
| 526 | _aP83 | ||
| 526 | _aP82 | ||
| 526 | _aP62 | ||
| 526 | _aP59 | ||
| 526 | _aP58 | ||
| 526 | _aP57 | ||
| 526 | _aP51 | ||
| 526 | _aP49 | ||
| 526 | _aP48 | ||
| 526 | _aP47 | ||
| 526 | _aP29 | ||
| 526 | _aP24 | ||
| 526 | _aP20 | ||
| 526 | _aP19 | ||
| 526 | _aP17 | ||
| 526 | _aP15 | ||
| 526 | _aP14 | ||
| 526 | _aP12 | ||
| 526 | _aP10 | ||
| 526 | _aP09 | ||
| 526 | _aP08 | ||
| 526 | _aP07 | ||
| 526 | _aP06 | ||
| 526 | _aP05 | ||
| 526 | _aP04 | ||
| 526 | _aP01 | ||
| 541 | _g0013416; | ||
| 541 | _g001-00003175; | ||
| 650 | 0 | 4 |
_aTesis y disertaciones académicas _zPerú _y1972-2007 _vResúmenes. |
| 650 | 0 | 4 |
_aInvestigación _xPedagogía _zPerú. |
| 650 | 0 | 4 |
_aInvestigación _xMetodología _zPerú. |
| 700 | 1 |
_aMarroquín Peña, Roberto, _d1960- |
|
| 700 | 1 |
_aCampos Dávila, José1949- , _ecomp. |
|
| 910 |
_agl _bjv _clch _d20120306 |
||
| 910 |
_btqv _caic _d20170111 |
||
| 942 |
_2ddc _cBOOK |
||
| 949 |
_aPGE 378.055985 P3 _wDEWEY _c1 _i64314 _lPOSTGRADO _mBUL _p17.00 _r0 _sY _tBOOK _u2015-7-6 _xPOSGRADO _PP57 _o.CIRCNOTE. No olvidar cambiar la fecha de devolución!!!!!!! _o.STAFF. Colección General |
||
| 949 |
_aPGE 378.055985 P3 _wDEWEY _c2 _i66518 _lPOSTGRADO _mBUL _p20.00 _r0 _sY _tBOOK _u2015-7-6 _xPOSGRADO _PP57 _o.CIRCNOTE. No olvidar cambiar la fecha de devolución!!!!!!! _o.STAFF. Colección General |
||
| 949 |
_a378.07 M26 2009 _wDEWEY _c1 _iFJ05293 _lCCODEBUJ1 _mBUJ _p25.00 _r0 _sY _tBOOK _u2017-01-11 _xEDUCACION _PP20 _0COMPRA _o.STAFF. Colección General Juliaca |
||
| 994 |
_aC0 _bPEPRU |
||
| 596 | _a1 3 | ||
| 999 |
_aPGE 378.055985 P3 _wDEWEY _c53103 _i64314 _f2021-11-8 _g5 _lCCODEBUL1 _mBUL _p17.00 _r0 _sN _tBOOK _u2015-7-6 _xEDUCACION _PP57 _0COMPRA _o.CIRCNOTE. No olvidar cambiar la fecha de devolución!!!!!!! _o.STAFF. Colección General _d53103 |
||
| 999 |
_aPGE 378.055985 P3 _wDEWEY _c2 _i66518 _f2021-11-8 _g5 _lCCODEBUL1 _mBUL _p20.00 _r0 _sN _tBOOK _u2015-7-6 _xEDUCACION _PP57 _0COMPRA _o.CIRCNOTE. No olvidar cambiar la fecha de devolución!!!!!!! _o.STAFF. Colección General |
||
| 999 |
_a378.07 M26 2009 _wDEWEY _c1 _iFJ05293 _f2022-1-18 _g2 _lCCODEBUJ1 _mBUJ _p25.00 _r0 _sY _tBOOK _u2017-1-12 _xEDUCACION _PP20 _0COMPRA _o.STAFF. Colección General Juliaca |
||
| 980 |
_81 _gALBERTO SANCHEZ Responsable de Automatización |
||